Etiqueta de registo: 00928cas 02200313 04500
001 734239
003 http://id.bnportugal.gov.pt/bib/catbnp/734239
021 ## $aPT$b158131/00
100 ## $a19931213a19439999km y0pory01030103ba
101 0# $apor
102 ## $aPT
106 ## $ar
110 ## $aakazz 0uu0
200 1# $aBoletim do Instituto Histórico da Ilha Terceira
207 #0 $aV. 1, nº 1 (1943) -
210 #9 $aAngra do Heroísmo$cInstituto Histórico da Ilha Terceira$d1943 -
215 ## $d22 cm
326 ## $aAnual
421 #1 $10012286946$tAnuário do Carnaval Terceirense$cAngra do Heroísmo$bInstituto Histórico da Ilha Terceira ;$d2025-
620 ## $dAngra do Heroísmo
712 02 $aInstituto Histórico da Ilha Terceira$4650$312041
801 #0 $aPT$bBN$gRPC
856 40 $2Cópia digital dos exemplares de 1943-2021 disponibilizada em linha pelo Instituto
Histórico da Ilha Terceira$uhttp://ihit.pt/pt/boletins
966 ## $lBN$mFGREV$sP.P. 31986 V.$x1